South Eastern Kenya University

Library Online Public Access Catalogue


Cognitive-behavioral therapy for refractory cases : (Record no. 6782)

MARC details
000 -LEADER
fixed length control field 00781cam a2200241 a 4500
001 - CONTROL NUMBER
control field 15644083
003 - CONTROL NUMBER IDENTIFIER
control field OSt
005 - DATE AND TIME OF LATEST TRANSACTION
control field 20150722143702.0
008 - FIXED-LENGTH DATA ELEMENTS--GENERAL INFORMATION
fixed length control field 090303s2010 dcua b 001 0 eng
020 ## - INTERNATIONAL STANDARD BOOK NUMBER
International Standard Book Number 9781433804724
040 ## - CATALOGING SOURCE
Original cataloging agency SEKU
050 00 - LIBRARY OF CONGRESS CALL NUMBER
Classification number RC 489.C63
Item number M3
100 ## - MAIN ENTRY--PERSONAL NAME
Personal name McKay, Dean.
245 00 - TITLE STATEMENT
Title Cognitive-behavioral therapy for refractory cases :
Remainder of title turning failure into success
Statement of responsibility, etc. edited by Dean McKay, Jonathan S. Abramowitz, and Steven Taylor.
250 ## - EDITION STATEMENT
Edition statement 1st ed.
260 ## - PUBLICATION, DISTRIBUTION, ETC. (IMPRINT)
Place of publication, distribution, etc. Washington, DC :
Name of publisher, distributor, etc. American Psychological Association,
Date of publication, distribution, etc. c2010.
300 ## - PHYSICAL DESCRIPTION
Extent 432 p. :
Other physical details ill.
504 ## - BIBLIOGRAPHY, ETC. NOTE
Bibliography, etc Includes bibliographical references
650 #0 - SUBJECT ADDED ENTRY--TOPICAL TERM
Topical term or geographic name as entry element Cognitive therapy
Form subdivision Case studies.
700 1# - ADDED ENTRY--PERSONAL NAME
Personal name Abramowitz, Jonathan S.
700 1# - ADDED ENTRY--PERSONAL NAME
Personal name Taylor, Steven.
942 ## - ADDED ENTRY ELEMENTS (KOHA)
Source of classification or shelving scheme Library of Congress Classification
Koha item type General circulation
Holdings
Withdrawn status Lost status Source of classification or shelving scheme Damaged status Not for loan Home library Current library Shelving location Date acquired Source of acquisition Total Checkouts Full call number Barcode Date last seen Price effective from Koha item type
    Library of Congress Classification     Main Campus Library Main Campus Library General Stacks 22/07/2015 Donation-Books for Africa   RC 489.C63 M3 2015/003062 22/07/2015 22/07/2015 General circulation
Kitui, Kenya.
+254736116989
library@seku.ac.ke